| 000 | 00313nam a22001097a 4500 | ||
|---|---|---|---|
| 008 | 230627b xxu||||| |||| 00| 0 eng d | ||
| 082 |
_a338.22 _bCBS 1996 |
||
| 245 |
_aWelfare Monitoring Survey II _b1994 Basic Report |
||
| 260 |
_aNairobi _bCentral Bureau of Statistics _c1996 |
||
| 300 | _aXXXV,341p | ||
| 942 |
_2ddc _cBK |
||
| 999 |
_c2810 _d2810 |
||